00467nam a2200169Ia 450000100060000000800410000602000180004704000130006508200190007810000180009724500800011526000330019530000110022854600070023965000370024670000140028371333160226s9999 xx 000 0 und d a9781138826120 cPK-LaUMT a 621.042bSUS- aHawkey, David aSustainable urban energy policybheat and the citycHawkey, David|[et al, ] aLondon,UK:bRoutledge,c2016 a246 p. aEN aSustainable urban development-UK a[et al, ]